| 000 | 00583nam a2200205Ia 4500 | ||
|---|---|---|---|
| 001 | b2691-24536 [3371] | ||
| 003 | IT-MiCISF | ||
| 008 | 161014s9999||||xx |||||||||||||| ||und|| | ||
| 040 |
_aIT-MiCISF _cIT-MiCISF |
||
| 041 | _ait | ||
| 100 | _aZajczyk Francesca | ||
| 245 | 0 |
_aLa conoscenza sociale del territorio _bFonti e qualità dei dati |
|
| 250 | _a1a ed. | ||
| 260 |
_a Milano _bFranco Angeli _c1991 |
||
| 300 | _app. 353 | ||
| 500 | _a / società, territorio, statistica, demografia, informazione / | ||
| 650 | _asocietà | ||
| 942 | _cBK | ||
| 957 | _71 | ||
| 999 |
_a24536 _bsi _g1 _c214756 _d214756 |
||